[Event "XXV Festival Conca della Presolana A"]
[Site "Bratto - Castione della Presolana ITA"]
[Date "2005.08.26"]
[Round "7"]
[White "Magrini, Fabrizio"]
[Black "Ricci, Marco"]
[Result "0-1"]
[WhiteElo "1996"]
[BlackElo "2147"]
[PlyCount "73"]
[EventDate "2005.08.20"]

1. e4 e6 2. d4 d5 3. Nc3 Nf6 4. Bg5 Be7 5. e5 Nfd7 6. h4 a6 7. Qg4 Bxg5 8. hxg5
c5 9. g6 f5 10. Qg3 h6 11. Nf3 Nc6 12. Ng5 Nxd4 13. Nf7 Qb6 14. O-O-O Rg8 15.
Be2 Qa5 16. Nxh6 Qxc3 17. Rxd4 Qxg3 18. fxg3 gxh6 19. Rdh4 Nxe5 20. Rxh6 Nxg6
21. Bh5 Kf7 22. g4 Kf6 23. gxf5 exf5 24. Bf3 Be6 25. Re1 Rae8 26. Bh5 Bf7 27.
Rf1 Kg7 28. Bxg6 Bxg6 29. Rh3 Re2 30. Rg3 Kf6 31. Rb3 Rg7 32. g4 Rg2 33. gxf5
Bxf5 34. Rbf3 R7g5 35. Rb3 Rxc2+ 36. Kd1 Rcg2 37. Rxb7 0-1

[Event "XXV Festival Conca della Presolana A"]
[Site "Bratto - Castione della Presolana ITA"]
[Date "2005.08.26"]
[Round "7"]
[White "Manzoni, Alessandro"]
[Black "Campini, Marco"]
[Result "1-0"]
[WhiteElo "2086"]
[BlackElo "2130"]
[PlyCount "115"]
[EventDate "2005.08.20"]

1. e4 c5 2. Nc3 Nc6 3. g3 g6 4. Bg2 Bg7 5. Nge2 Nf6 6. d3 O-O 7. O-O d6 8. h3
a6 9. Bg5 Rb8 10. Qd2 b5 11. Bh6 b4 12. Nd1 Bd7 13. Bxg7 Kxg7 14. f4 Nd4 15. g4
Nxe2+ 16. Qxe2 Ne8 17. f5 f6 18. h4 Kg8 19. Rf3 e5 20. Ne3 g5 21. Rh3 Bc6 22.
Kf2 Rb7 23. Rah1 Rg7 24. Bf3 Qa5 25. Ra1 Qd8 26. Qd2 Rff7 27. Rhh1 a5 28. a3
Rb7 29. hxg5 fxg5 30. axb4 axb4 31. Nc4 Bb5 32. Ne3 Bc6 33. Rhb1 Nf6 34. c4 Ra7
35. Nc2 h6 36. Rh1 Kh7 37. Kg2 Rxa1 38. Rxa1 h5 39. gxh5 Qb8 40. Rh1 b3 41. h6
Rg8 42. Ne3 g4 43. Bd1 Nxe4 44. dxe4 Bxe4+ 45. Kg1 Bxh1 46. Kxh1 Qd8 47. Ng2
Qf6 48. Bxb3 g3 49. Bc2 Rg5 50. Be4 Qxh6+ 51. Kg1 Qh2+ 52. Kf1 Qh1+ 53. Ke2 Rg4
54. Qd5 Qh5 55. Bf3 Qxf5 56. Ne3 Qb1 57. Qf7+ Rg7 58. Qh5+ 1-0

[Event "XXV Festival Conca della Presolana A"]
[Site "Bratto - Castione della Presolana ITA"]
[Date "2005.08.26"]
[Round "7"]
[White "Mazzariol, Oscar"]
[Black "Rigo, Gianfrancesco"]
[Result "0-1"]
[WhiteElo "2078"]
[BlackElo "2031"]
[PlyCount "64"]
[EventDate "2005.08.20"]

1. e4 e5 2. Nf3 Nc6 3. Bb5 a6 4. Ba4 Nf6 5. O-O Be7 6. Re1 b5 7. Bb3 d6 8. c3
O-O 9. h3 Na5 10. Bc2 c5 11. d4 Qc7 12. Nbd2 cxd4 13. cxd4 Nc6 14. Nf1 exd4 15.
Bf4 Be6 16. Rc1 Qb6 17. Bb1 Rac8 18. e5 dxe5 19. Nxe5 Nxe5 20. Rxc8 Rxc8 21.
Bxe5 Rd8 22. Qd3 Bc4 23. Qg3 Bd6 24. Bxh7+ Kxh7 25. Qh4+ Kg8 26. Bxf6 gxf6 27.
Re4 Bd3 28. Rg4+ Bg6 29. Qh6 Bf8 30. Rxg6+ fxg6 31. Qxg6+ Bg7 32. Ng3 Qc5 0-1

[Event "XXV Festival Conca della Presolana A"]
[Site "Bratto - Castione della Presolana ITA"]
[Date "2005.08.26"]
[Round "7"]
[White "Mazzilli, Piero"]
[Black "Pace, Pietro Dario"]
[Result "1-0"]
[WhiteElo "2341"]
[BlackElo "2198"]
[PlyCount "129"]
[EventDate "2005.08.20"]

1. c4 e5 2. g3 Nc6 3. Bg2 Nf6 4. Nc3 Bc5 5. e3 a5 6. Nge2 d6 7. d4 exd4 8. exd4
Ba7 9. O-O O-O 10. a3 h6 11. b4 axb4 12. axb4 Bg4 13. Be3 Qb8 14. b5 Ne7 15.
Qb3 Bb6 16. Rxa8 Qxa8 17. c5 Ba5 18. Ra1 Qa7 19. Qa3 b6 20. cxb6 cxb6 21. Bf4
Ne8 22. h3 Bf5 23. Bxd6 Nxd6 24. Qxd6 Qb8 25. Qxb8 Rxb8 26. Rd1 Rd8 27. d5 Nc8
28. Nd4 Bxc3 29. Nxf5 Nd6 30. Rc1 Bf6 31. Nxd6 Rxd6 32. Rc8+ Rd8 33. Rc7 Kf8
34. Kf1 Bd4 35. f4 Ke8 36. Ke2 Rd7 37. Rc8+ Rd8 38. Rc4 Bc5 39. Ra4 Ke7 40. Kd3
Kd6 41. Ra7 Rd7 42. Ra8 Bf2 43. g4 Kc5 44. Rc8+ Kxb5 45. Kc3 Ka6 46. Ra8+ Kb5
47. Rc8 Ka6 48. Rg8 f5 49. gxf5 Bh4 50. Kc4 Rc7+ 51. Kb3 Kb5 52. d6 Rd7 53. Rc8
Rd8 54. d7 Ka6 55. Bc6 b5 56. Kc3 Bf6+ 57. Kd3 Kb6 58. Ke4 b4 59. Kd5 b3 60.
Ke6 b2 61. Be4 Bh4 62. Rxd8 Bxd8 63. Kf7 Kc7 64. Kxg7 Kxd7 65. f6 1-0

[Event "XXV Festival Conca della Presolana A"]
[Site "Bratto - Castione della Presolana ITA"]
[Date "2005.08.26"]
[Round "7"]
[White "Miatello, Alberto"]
[Black "Pulvirenti, Gianni"]
[Result "1-0"]
[WhiteElo "2095"]
[BlackElo "1965"]
[PlyCount "99"]
[EventDate "2005.08.20"]

1. e4 d5 2. exd5 Nf6 3. d4 Nxd5 4. c4 Nb6 5. Nc3 Bf5 6. c5 N6d7 7. Qf3 Nc6 8.
Qxf5 Nxd4 9. Qb1 Nxc5 10. Be3 e6 11. Bxd4 Qxd4 12. Nf3 Qg4 13. h3 Qf4 14. Be2
Be7 15. Qc1 Qb4 16. O-O Bd6 17. Nb5 O-O 18. Nxd6 cxd6 19. Qd2 Qb6 20. Rab1 d5
21. Qd4 Qd6 22. Rfd1 Rad8 23. Bd3 f6 24. b4 Na4 25. Bc2 e5 26. Qh4 Nc3 27.
Qxh7+ Kf7 28. Bg6+ Ke6 29. Bf5+ Kf7 30. Qg6+ Kg8 31. Qh5 Ne2+ 32. Kh1 Nf4 33.
Qh7+ Kf7 34. Qh4 Rh8 35. Qg3 g6 36. Bc2 Rh6 37. Ng1 d4 38. Bd3 Rdh8 39. Qf3 Qd7
40. Bc4+ Kg7 41. Rb3 g5 42. Bf1 g4 43. Qe4 gxh3 44. g3 h2 45. Ne2 Qg4 46. gxf4
exf4 47. Qxf4 Qd7 48. Rg3+ Kf7 49. Rxd4 Qe7 50. Re3 1-0

[Event "XXV Festival Conca della Presolana A"]
[Site "Bratto - Castione della Presolana ITA"]
[Date "2005.08.26"]
[Round "7"]
[White "Mihalj, Miroslav M."]
[Black "Sautto, Daniele"]
[Result "1-0"]
[WhiteElo "2298"]
[BlackElo "2136"]
[PlyCount "31"]
[EventDate "2005.08.20"]

1. d4 Nf6 2. c4 e6 3. Nc3 Bb4 4. e3 b6 5. Bd3 Bb7 6. Nf3 O-O 7. O-O c5 8. Qe2
cxd4 9. exd4 d5 10. Bg5 dxc4 11. Bxc4 Be7 12. Rad1 Nbd7 13. Ne5 Nd5 14. Bxd5
exd5 15. Nc6 Bxc6 16. Bxe7 1-0

[Event "XXV Festival Conca della Presolana A"]
[Site "Bratto - Castione della Presolana ITA"]
[Date "2005.08.26"]
[Round "7"]
[White "Moncelli, Giorgio"]
[Black "Lucaroni, Massimiliano"]
[Result "1/2-1/2"]
[WhiteElo "2149"]
[BlackElo "2318"]
[PlyCount "44"]
[EventDate "2005.08.20"]

1. e4 e5 2. Nf3 Nc6 3. Bc4 Nf6 4. d3 Bc5 5. c3 d6 6. Bb3 O-O 7. O-O Ne7 8. Nbd2
Ng6 9. a4 a6 10. Nc4 Ba7 11. Be3 h6 12. Bxa7 Rxa7 13. Ne3 Be6 14. Bc2 d5 15.
exd5 Nxd5 16. Nxd5 Qxd5 17. Re1 Raa8 18. d4 exd4 19. Nxd4 Nf4 20. Be4 Qg5 21.
Qf3 c6 22. Qg3 Bd5 1/2-1/2

[Event "XXV Festival Conca della Presolana A"]
[Site "Bratto - Castione della Presolana ITA"]
[Date "2005.08.26"]
[Round "7"]
[White "Mosconi, Ariel Oscar"]
[Black "Sbarra, Marco"]
[Result "0-1"]
[WhiteElo "2102"]
[BlackElo "2266"]
[PlyCount "152"]
[EventDate "2005.08.20"]

1. e4 e5 2. Nf3 Nc6 3. Bb5 a6 4. Bxc6 dxc6 5. O-O Qd6 6. d4 exd4 7. Qxd4 Qxd4
8. Nxd4 Bd7 9. c3 O-O-O 10. Be3 c5 11. Nb3 b6 12. a4 a5 13. c4 Be6 14. Na3 g6
15. Rad1 Rxd1 16. Rxd1 Bg7 17. Bc1 Nf6 18. f3 h6 19. Na1 Rd8 20. Rxd8+ Kxd8 21.
N1c2 Ne8 22. b3 Nd6 23. Kf2 f5 24. Ke3 fxe4 25. fxe4 Be5 26. Kf3 g5 27. h3 c6
28. Ne3 Ke7 29. g4 Kf6 30. Nf5 h5 31. Be3 hxg4+ 32. hxg4 Nf7 33. Bc1 Bc7 34.
Bb2+ Be5 35. Bc1 Bc3 36. Nb1 Ne5+ 37. Kg3 Be1+ 38. Kh3 Nd3 39. Be3 Nf4+ 40.
Bxf4 gxf4 41. Kg2 Bb4 42. Kf2 Kg5 43. Kf3 Bd7 44. e5 Be6 45. Ke4 Kxg4 46. Ng7
Bf7 47. e6 Bg6+ 48. Ke5 f3 49. e7 f2 50. Nf5 Bxf5 51. e8=Q f1=Q 52. Qg8+ Kh4
53. Qd8+ Kg3 54. Qg5+ Bg4 55. Qe3+ Kg2 56. Qg5 Qe1+ 57. Kd6 Qg3+ 58. Ke7 Qc7+
59. Kf8 Qc8+ 60. Kg7 Qf5 61. Qc1 Qe5+ 62. Kh6 Qf6+ 63. Kh7 Bf5+ 64. Kg8 Qg6+
65. Kf8 Bxb1 66. Ke7 Qe4+ 67. Kd7 Be1 68. Kc7 Qe7+ 69. Kxb6 Bf5 70. b4 cxb4 71.
c5 Qd8+ 72. Ka7 Bf2 73. Qc4 Qe7+ 74. Ka8 Qxc5 75. Qg8+ Kf3 76. Qb3+ Kf4 0-1

[Event "XXV Festival Conca della Presolana A"]
[Site "Bratto - Castione della Presolana ITA"]
[Date "2005.08.26"]
[Round "7"]
[White "Nardelli, Marco"]
[Black "Vancini, Edoardo"]
[Result "1/2-1/2"]
[WhiteElo "2108"]
[BlackElo "2282"]
[PlyCount "136"]
[EventDate "2005.08.20"]

1. e4 g6 2. d4 Bg7 3. Nc3 c6 4. f4 d5 5. e5 Nh6 6. Nf3 f6 7. Be2 Bg4 8. Be3 O-O
9. Bf2 e6 10. O-O Bxf3 11. Bxf3 fxe5 12. fxe5 c5 13. Ne2 Nc6 14. c3 Rc8 15. a3
cxd4 16. Nxd4 Nxd4 17. Bxd4 a6 18. Bg4 Qe7 19. Bh3 Nf7 20. Qg4 Ng5 21. Kh1 Nxh3
22. Qxh3 Rf5 23. Rxf5 gxf5 24. Re1 Rf8 25. Bf2 Kh8 26. Bh4 Qe8 27. Bg5 Qg6 28.
Bf4 Rc8 29. Qe3 Qf7 30. Rd1 Qd7 31. Rd4 Qb5 32. Qf2 Qb6 33. Kg1 a5 34. Rd2 Qb5
35. h3 Rg8 36. Qe3 Rc8 37. Bh6 Qd7 38. Bxg7+ Qxg7 39. Rd4 Rg8 40. Rd2 h6 41.
Re2 Ra8 42. Kh2 Kh7 43. Qd4 Qc7 44. Rf2 Rg8 45. Rf3 Rg5 46. a4 b6 47. Rf2 Rg8
48. Rc2 Rf8 49. Rf2 Qc5 50. Qh4 Rg8 51. Rc2 Rf8 52. Rf2 Rg8 53. Qf4 Qe7 54. Qd4
Qc7 55. Qf4 Rg7 56. Rf3 Qc5 57. Rg3 Rxg3 58. Qxg3 Qc4 59. Qe3 Qxa4 60. Qxb6
Qf4+ 61. Kh1 Qxe5 62. Qxa5 f4 63. Qa7+ Kg6 64. Qf2 Qe4 65. b4 Kf5 66. Qh4 Qe3
67. Qh5+ Ke4 68. Qxh6 Qe1+ 1/2-1/2

[Event "XXV Festival Conca della Presolana A"]
[Site "Bratto - Castione della Presolana ITA"]
[Date "2005.08.26"]
[Round "7"]
[White "Ori, Marco"]
[Black "Piantoni, Roberto"]
[Result "1/2-1/2"]
[WhiteElo "2087"]
[BlackElo "2186"]
[PlyCount "36"]
[EventDate "2005.08.20"]

1. e4 c6 2. Nc3 d5 3. Nf3 dxe4 4. Nxe4 Nf6 5. Nxf6+ gxf6 6. d4 Bg4 7. Be2 e6 8.
Be3 Nd7 9. Qd2 Qc7 10. h3 Bxf3 11. Bxf3 O-O-O 12. O-O-O Be7 13. Kb1 Rhg8 14. c4
Ne5 15. Qe2 Nxf3 16. Qxf3 f5 17. g3 Bg5 18. Rd3 Bxe3 1/2-1/2

[Event "XXV Festival Conca della Presolana A"]
[Site "Bratto - Castione della Presolana ITA"]
[Date "2005.08.26"]
[Round "7"]
[White "Papa, Angelo"]
[Black "Paolinelli, Giacomo"]
[Result "0-1"]
[WhiteElo "1932"]
[BlackElo "2042"]
[PlyCount "42"]
[EventDate "2005.08.20"]

1. d4 f5 2. Bg5 h6 3. Bh4 g5 4. e4 Nf6 5. e5 e6 6. exf6 Qxf6 7. Qh5+ Qf7 8.
Qxf7+ Kxf7 9. Nf3 gxh4 10. Nxh4 Bg7 11. c3 b6 12. g3 Bb7 13. Bg2 Bxg2 14. Nxg2
c5 15. dxc5 bxc5 16. O-O Nc6 17. Na3 Rab8 18. Rab1 d5 19. Nc2 Rb7 20. b4 Rhb8
21. b5 Rxb5 0-1

[Event "XXV Festival Conca della Presolana A"]
[Site "Bratto - Castione della Presolana ITA"]
[Date "2005.08.26"]
[Round "7"]
[White "Pechy, Alaster"]
[Black "Gromovs, Sergejs"]
[Result "0-1"]
[WhiteElo "2168"]
[BlackElo "2375"]
[PlyCount "130"]
[EventDate "2005.08.20"]

1. d4 d5 2. c4 Bf5 3. cxd5 Bxb1 4. Rxb1 Qxd5 5. Qa4+ c6 6. f3 e5 7. dxe5 Nd7 8.
e4 Qxe5 9. Ne2 Bc5 10. Qc2 Ngf6 11. b4 Bb6 12. Qc3 O-O-O 13. Bf4 Qxc3+ 14. Nxc3
Rhe8 15. Rd1 Nh5 16. Bg5 f6 17. Bc1 f5 18. Bg5 Nhf6 19. Bd3 h6 20. Bxf6 Nxf6
21. Bc2 Bd4 22. Ne2 Be3 23. Rxd8+ Rxd8 24. e5 Nd5 25. Bxf5+ Kc7 26. a3 Nb6 27.
Ng3 Nc4 28. Be6 Nxa3 29. Ke2 Bf4 30. Ne4 Bxe5 31. Rd1 Nc2 32. Rxd8 Kxd8 33. Nc5
Nd4+ 34. Kd3 Nxe6 35. Nxe6+ Ke7 36. Nc5 b6 37. Nb3 Bxh2 38. Nd4 Kd7 39. Ke4 g6
40. f4 Bg3 41. Nf3 Kd6 42. Ne5 g5 43. Nc4+ Ke6 44. f5+ Kf6 45. Ne3 h5 46. Nc4
Bc7 47. Ne3 Bd6 48. Nc2 a5 49. bxa5 bxa5 50. Nd4 a4 51. Nxc6 a3 52. Na5 a2 53.
Nb3 Be5 54. Kf3 Kxf5 55. Kf2 a1=Q 56. Nxa1 Bxa1 57. Kg1 Kf4 58. Kh2 g4 59. Kg1
Kg3 60. Kh1 Kf2 61. Kh2 Be5+ 62. Kh1 Bd6 63. g3 h4 64. gxh4 g3 65. h5 g2# 0-1

[Event "XXV Festival Conca della Presolana A"]
[Site "Bratto - Castione della Presolana ITA"]
[Date "2005.08.26"]
[Round "7"]
[White "Pieri, Enzo"]
[Black "Lanzani, Giuliano"]
[Result "1-0"]
[WhiteElo "1959"]
[BlackElo "2074"]
[PlyCount "71"]
[EventDate "2005.08.20"]

1. e4 e5 2. Nf3 Nc6 3. Bb5 a6 4. Ba4 Nf6 5. O-O b5 6. Bb3 Bc5 7. c3 d6 8. d4
Bb6 9. d5 Ne7 10. Bc2 h6 11. b3 O-O 12. a4 Bb7 13. a5 Ba7 14. c4 bxc4 15. bxc4
Nd7 16. Nc3 f5 17. exf5 Nxf5 18. Ne4 Nc5 19. Nxc5 Bxc5 20. Qd3 c6 21. Rb1 Ra7
22. g4 cxd5 23. Rxb7 Rxb7 24. Qxd5+ Rff7 25. Bxf5 Kh8 26. Nxe5 Rfc7 27. Ng6+
Kh7 28. Nf8+ Kh8 29. Ne6 Qe8 30. Nxc7 Rxc7 31. Bb2 Re7 32. Kg2 h5 33. h3 h4 34.
Bc3 Re2 35. Bd3 Re5 36. Bxe5 1-0

[Event "XXV Festival Conca della Presolana A"]
[Site "Bratto - Castione della Presolana ITA"]
[Date "2005.08.26"]
[Round "7"]
[White "Podini, Francesco"]
[Black "Tencati, Giuseppe"]
[Result "1-0"]
[WhiteElo "2062"]
[BlackElo "2109"]
[PlyCount "53"]
[EventDate "2005.08.20"]

1. e4 e6 2. d4 d5 3. Nc3 Nf6 4. e5 Nfd7 5. f4 c5 6. Nf3 Nc6 7. Be3 Qb6 8. Na4
Qa5+ 9. c3 cxd4 10. b4 Nxb4 11. cxb4 Bxb4+ 12. Bd2 Bxd2+ 13. Nxd2 g5 14. Rb1 a6
15. Nb2 gxf4 16. Nd3 Nb6 17. Nxf4 Nc4 18. Bxc4 dxc4 19. O-O d3 20. Nxd3 cxd3
21. Qh5 Qxd2 22. Qxf7+ Kd8 23. Qf6+ Kc7 24. Qxh8 Qe3+ 25. Kh1 d2 26. Rf7+ Bd7
27. Qxa8 1-0

[Event "XXV Festival Conca della Presolana A"]
[Site "Bratto - Castione della Presolana ITA"]
[Date "2005.08.26"]
[Round "7"]
[White "Ranieri, Fabrizio"]
[Black "Vezzosi, Paolo"]
[Result "1/2-1/2"]
[WhiteElo "2204"]
[BlackElo "2380"]
[PlyCount "69"]
[EventDate "2005.08.20"]

1. e4 g6 2. d4 Bg7 3. Nc3 d6 4. Be3 Nd7 5. Qd2 a6 6. h4 Ngf6 7. f3 b5 8. O-O-O
Nb6 9. Bh6 Kf8 10. g4 Bd7 11. h5 Rc8 12. Bxg7+ Kxg7 13. h6+ Kf8 14. Nh3 c6 15.
Nf4 Qc7 16. g5 Ne8 17. Bd3 e5 18. dxe5 dxe5 19. Ng2 Rd8 20. Be2 Ke7 21. Qe3 c5
22. Nd5+ Nxd5 23. exd5 f6 24. f4 e4 25. gxf6+ Kf7 26. Qxe4 Qd6 27. Qe5 Bc8 28.
Nh4 Nxf6 29. Nf3 Rhe8 30. Ng5+ Kg8 31. Ne6 Qxe5 32. fxe5 Rxd5 33. Rxd5 Nxd5 34.
Nxc5 Rxe5 35. Bf3 1/2-1/2

[Event "XXV Festival Conca della Presolana A"]
[Site "Bratto - Castione della Presolana ITA"]
[Date "2005.08.26"]
[Round "7"]
[White "Rendle, Thomas E."]
[Black "Dvirnyy, Danyyil"]
[Result "1-0"]
[WhiteElo "2358"]
[BlackElo "2141"]
[PlyCount "55"]
[EventDate "2005.08.20"]

1. e4 c5 2. Nf3 Nc6 3. Bb5 g6 4. Bxc6 dxc6 5. d3 Bg7 6. h3 Nf6 7. Nc3 Nd7 8.
Be3 O-O 9. Qd2 Re8 10. h4 Qb6 11. Rb1 Qb4 12. h5 Nf8 13. a3 Qa5 14. hxg6 fxg6
15. Bh6 e5 16. Bxg7 Kxg7 17. b4 cxb4 18. axb4 Qc7 19. d4 exd4 20. Qxd4+ Kg8 21.
O-O Bg4 22. Nh2 Be6 23. b5 cxb5 24. Nxb5 Qc4 25. Qf6 Nd7 26. Qh4 Rf8 27. Nd6
Qxc2 28. Qe7 1-0

[Event "XXV Festival Conca della Presolana A"]
[Site "Bratto - Castione della Presolana ITA"]
[Date "2005.08.26"]
[Round "7"]
[White "Sanchez, Joseph"]
[Black "Castaldo, Folco"]
[Result "1-0"]
[WhiteElo "2452"]
[BlackElo "2352"]
[PlyCount "67"]
[EventDate "2005.08.20"]

1. e4 d6 2. d4 Nf6 3. Nc3 g6 4. Bc4 Bg7 5. Qe2 Nc6 6. Nf3 O-O 7. e5 Nd7 8. Bf4
Nb6 9. Bb3 Na5 10. O-O Nxb3 11. axb3 c6 12. h3 h6 13. Rfe1 Bf5 14. g4 Be6 15.
exd6 exd6 16. Ne4 Nc8 17. Qe3 Kh7 18. c4 b6 19. Qd3 Re8 20. d5 cxd5 21. cxd5
Bd7 22. Nd4 Be5 23. Bxe5 dxe5 24. Qf3 Kg7 25. Nc6 Qh4 26. Ng3 Qf6 27. Qe3 Bxc6
28. Ne4 Qf4 29. dxc6 f5 30. gxf5 Qxf5 31. Rad1 Ne7 32. Ng3 Qf6 33. Rd5 Kg8 34.
Rd7 1-0

[Event "XXV Festival Conca della Presolana A"]
[Site "Bratto - Castione della Presolana ITA"]
[Date "2005.08.26"]
[Round "7"]
[White "Sax, Gyula"]
[Black "Bresciani, Nicola"]
[Result "1-0"]
[WhiteElo "2568"]
[BlackElo "2289"]
[PlyCount "60"]
[EventDate "2005.08.20"]

1. e4 c5 2. Nf3 d6 3. d4 cxd4 4. Nxd4 Nf6 5. Nc3 a6 6. Be3 e5 7. Nb3 Be6 8. f4
Ng4 9. Bd2 exf4 10. Bxf4 Nc6 11. Be2 Nge5 12. Qd2 Be7 13. O-O O-O 14. Rad1 Ng6
15. Be3 Re8 16. Nd5 Rc8 17. Nb6 Rc7 18. Bc4 Nce5 19. Bd5 Ng4 20. Nd4 Bf6 21.
Nxe6 fxe6 22. Bb3 Nxe3 23. Qxe3 Qe7 24. Nc4 Rd8 25. c3 b5 26. Nd2 Ne5 27. Nf3
Nxf3+ 28. Rxf3 Rc5 29. Rdf1 Re5 30. Qb6 30... Ra8 {...} 1-0

[Event "XXV Festival Conca della Presolana A"]
[Site "Bratto - Castione della Presolana ITA"]
[Date "2005.08.26"]
[Round "7"]
[White "Scotti, Umberto"]
[Black "Cedriano, Filippo"]
[Result "1/2-1/2"]
[WhiteElo "2158"]
[BlackElo "2005"]
[PlyCount "37"]
[EventDate "2005.08.20"]

1. d4 d5 2. Nf3 Nf6 3. Bf4 e6 4. e3 Bd6 5. Bg3 c5 6. c3 Ne4 7. Bd3 f5 8. Bxd6
Qxd6 9. Ne5 O-O 10. f3 Nf6 11. f4 Nbd7 12. Nd2 c4 13. Be2 b5 14. O-O Ne4 15.
Nxe4 fxe4 16. Bg4 Nxe5 17. fxe5 Rxf1+ 18. Qxf1 Qe7 19. Qf4 1/2-1/2

[Event "XXV Festival Conca della Presolana A"]
[Site "Bratto - Castione della Presolana ITA"]
[Date "2005.08.26"]
[Round "7"]
[White "Sedina, Elena"]
[Black "Mantovani, Renzo"]
[Result "1/2-1/2"]
[WhiteElo "2402"]
[BlackElo "2371"]
[PlyCount "37"]
[EventDate "2005.08.20"]

1. e4 c5 2. Nf3 e6 3. c3 d5 4. exd5 Qxd5 5. d4 Nf6 6. Be2 Nc6 7. O-O cxd4 8.
cxd4 Be7 9. Nc3 Qd6 10. Nb5 Qd8 11. Bf4 Nd5 12. Bg3 O-O 13. Rc1 Qb6 14. Bc4 Rd8
15. Qe2 a6 16. Nc3 Nf6 17. Be5 Nxe5 18. dxe5 Nd7 19. Rfd1 1/2-1/2

[Event "XXV Festival Conca della Presolana A"]
[Site "Bratto - Castione della Presolana ITA"]
[Date "2005.08.26"]
[Round "7"]
[White "Shytaj, Carlo"]
[Black "Borgo, Giulio"]
[Result "0-1"]
[WhiteElo "2212"]
[BlackElo "2380"]
[PlyCount "78"]
[EventDate "2005.08.20"]

1. e4 d6 2. d4 Nf6 3. Nc3 Nbd7 4. Bc4 e5 5. Nf3 Be7 6. O-O O-O 7. a4 c6 8. a5
Rb8 9. Re1 b6 10. axb6 axb6 11. Bf1 b5 12. b3 Re8 13. Nb1 Qc7 14. Nbd2 exd4 15.
Nxd4 Bf8 16. Nf5 Nc5 17. Ng3 g6 18. Bb2 Bg7 19. Ra2 Bb7 20. Qc1 Ra8 21. Rxa8
Rxa8 22. Qb1 Qb6 23. h3 Ne6 24. e5 dxe5 25. Bxe5 c5 26. Qb2 Nd4 27. b4 Rd8 28.
bxc5 Qxc5 29. Nb3 Nxb3 30. cxb3 Ne8 31. Bxg7 Nxg7 32. Ne4 Bxe4 33. Rxe4 Ne6 34.
Qe2 Rd5 35. g3 Qd6 36. h4 h5 37. Qe3 Rd1 38. Qe2 Qd5 39. Re5 Rxf1+ 0-1

[Event "XXV Festival Conca della Presolana A"]
[Site "Bratto - Castione della Presolana ITA"]
[Date "2005.08.26"]
[Round "7"]
[White "Simonini, Roberto"]
[Black "Radice, Luca"]
[Result "1/2-1/2"]
[WhiteElo "2065"]
[BlackElo "2100"]
[PlyCount "69"]
[EventDate "2005.08.20"]

1. e4 e6 2. d4 d5 3. exd5 exd5 4. Bd3 Bd6 5. Qf3 Ne7 6. Ne2 Nbc6 7. c3 Be6 8.
Bf4 Ng6 9. Nd2 O-O 10. Bxd6 Qxd6 11. Qg3 Qd7 12. O-O Nce7 13. f4 Bf5 14. Rae1
Rfe8 15. Nc1 f6 16. Qf3 c6 17. h3 Bxd3 18. Nxd3 Nf5 19. g4 Nd6 20. f5 Nf8 21.
Nc5 Qf7 22. Qf4 Rxe1 23. Rxe1 Re8 24. Rxe8 Nxe8 25. a3 Qe7 26. Kf2 b6 27. Nd3
Nd6 28. Nb4 Qd7 29. Nd3 g6 30. fxg6 Kg7 31. gxh7 Nxh7 32. h4 Nf7 33. Nf3 Nd6
34. Nd2 Nf7 35. Nf3 1/2-1/2

[Event "XXV Festival Conca della Presolana A"]
[Site "Bratto - Castione della Presolana ITA"]
[Date "2005.08.26"]
[Round "7"]
[White "Tatai, Stefano"]
[Black "Costantini, Roberto"]
[Result "1-0"]
[WhiteElo "2370"]
[BlackElo "2291"]
[PlyCount "49"]
[EventDate "2005.08.20"]

1. e4 c5 2. Nf3 d6 3. d4 cxd4 4. Nxd4 Nf6 5. Nc3 a6 6. Bg5 e6 7. f4 Be7 8. Qf3
h6 9. Bh4 Qc7 10. O-O-O Nbd7 11. Be2 b5 12. e5 Bb7 13. Qh3 dxe5 14. Nxe6 fxe6
15. Qxe6 Nc5 16. Qxe5 Rc8 17. Bxf6 gxf6 18. Qh5+ Kf8 19. Kb1 Ne4 20. Qg6 Nxc3+
21. bxc3 Bc6 22. Bg4 Rd8 23. Rxd8+ Qxd8 24. Rd1 Qc7 25. Bh5 1-0

[Event "XXV Festival Conca della Presolana A"]
[Site "Bratto - Castione della Presolana ITA"]
[Date "2005.08.26"]
[Round "7"]
[White "Temi, Walter"]
[Black "Ranfagni, Stefano"]
[Result "1/2-1/2"]
[WhiteElo "2092"]
[BlackElo "1934"]
[PlyCount "78"]
[EventDate "2005.08.20"]

1. e4 e6 2. d4 d5 3. Nc3 dxe4 4. Nxe4 Nd7 5. g3 Ngf6 6. Nxf6+ Nxf6 7. Bg2 c5 8.
Nf3 cxd4 9. Qxd4 Qxd4 10. Nxd4 Bc5 11. Nb5 O-O 12. a4 Ng4 13. O-O a6 14. Nc3 e5
15. Ne4 Be7 16. h3 Nf6 17. Bg5 Nxe4 18. Bxe7 Re8 19. Ba3 Ng5 20. h4 Ne6 21. c3
g5 22. Rfe1 f6 23. hxg5 Nxg5 24. Re3 Kf7 25. Bd5+ Kg6 26. Rae1 Rd8 27. c4 Rb8
28. Be7 Rd7 29. Bb4 b5 30. axb5 axb5 31. Bc6 bxc4 32. Bxd7 Bxd7 33. Bc3 Bc6 34.
Ra1 Nf3+ 35. Kf1 Nh2+ 36. Ke1 Rd8 37. Ra6 Bg2 38. Bd2 Nf3+ 39. Rxf3 Bxf3
1/2-1/2

[Event "XXV Festival Conca della Presolana A"]
[Site "Bratto - Castione della Presolana ITA"]
[Date "2005.08.26"]
[Round "7"]
[White "Vaccari, Sergio"]
[Black "Kidane, Robel"]
[Result "1-0"]
[WhiteElo "2063"]
[BlackElo "2120"]
[PlyCount "88"]
[EventDate "2005.08.20"]

1. e4 c5 2. c4 Nc6 3. Nc3 g6 4. g3 Bg7 5. Bg2 e6 6. Nge2 Nge7 7. d3 O-O 8. O-O
a6 9. Be3 d6 10. Qd2 Rb8 11. Bh6 b5 12. Bxg7 Kxg7 13. b3 Nd4 14. Nxd4 cxd4 15.
Ne2 e5 16. f4 f5 17. Rac1 fxe4 18. dxe4 bxc4 19. bxc4 Qb6 20. Kh1 Qb4 21. Qd3
Be6 22. c5 dxc5 23. fxe5 Qb5 24. Qxb5 Rxb5 25. a4 Rxf1+ 26. Bxf1 Ra5 27. Nf4
Bb3 28. Bc4 Bxa4 29. Nd5 Nxd5 30. exd5 Bb5 31. Bxb5 axb5 32. Rxc5 d3 33. Rc7+
Kf8 34. Rc1 Kf7 35. e6+ Kg7 36. Rc7+ Kf8 37. Rc1 Kg7 38. Rc7+ Kf8 39. Rf7+ Kg8
40. Rf1 Ra4 41. d6 d2 42. e7 Re4 43. d7 Re1 44. e8=Q+ Kg7 1-0

[Event "XXV Festival Conca della Presolana A"]
[Site "Bratto - Castione della Presolana ITA"]
[Date "2005.08.26"]
[Round "7"]
[White "Vocaturo, Daniele"]
[Black "De Santis, Alessio"]
[Result "1/2-1/2"]
[WhiteElo "2372"]
[BlackElo "2251"]
[PlyCount "38"]
[EventDate "2005.08.20"]

1. e4 e6 2. d4 d5 3. Nc3 Nf6 4. e5 Nfd7 5. Nce2 c5 6. c3 Nc6 7. f4 cxd4 8. cxd4
f5 9. Nf3 Be7 10. Nc3 O-O 11. Bd3 a6 12. O-O b5 13. Be3 Nb6 14. Rc1 Bd7 15. Qe2
Be8 16. h3 Nc4 17. Bf2 Nb4 18. Bb1 Bh5 19. Nd1 Bxf3 1/2-1/2

[Event "XXV Festival Conca della Presolana A"]
[Site "Bratto - Castione della Presolana ITA"]
[Date "2005.08.26"]
[Round "7"]
[White "Zoldan, Matteo"]
[Black "Fuggetta, Leonardo"]
[Result "0-1"]
[WhiteElo "2114"]
[BlackElo "2048"]
[PlyCount "30"]
[EventDate "2005.08.20"]

1. e4 d6 2. Nc3 Nf6 3. Bc4 e5 4. d3 c6 5. f4 Nbd7 6. Nf3 Qc7 7. Ng5 d5 8. exd5
Nb6 9. O-O Bc5+ 10. Kh1 Nxc4 11. dxc4 O-O 12. fxe5 Qxe5 13. Bf4 Qd4 14. dxc6
bxc6 15. Bd6 Qxd6 0-1